| 000 | 01043cam a2200313 i 4500 | ||
|---|---|---|---|
| 999 |
_c128732 _d128732 |
||
| 001 | 326929 | ||
| 003 | ARRUPE | ||
| 005 | 20190108103749.0 | ||
| 008 | 750813s1976 nyua b 001 0 eng | ||
| 010 | _a 75013088 | ||
| 020 | _a0122598504 | ||
| 040 |
_aDLC _cDLC _dDLC |
||
| 043 |
_an-mx--- _anc----- |
||
| 050 | 0 | 0 |
_aSPC. F1219 _b.E18 1976 |
| 082 | 0 | 0 | _a930/.1/028 |
| 245 | 0 | 4 |
_aThe Early Mesoamerican village / _cedited by Kent V. Flannery. |
| 260 |
_aNew York : _bAcademic Press, _cc1976. |
||
| 300 |
_axi, 377 p. : _bill. ; _c24 cm. |
||
| 490 | 0 | _aStudies in archeology | |
| 504 | _aIncludes bibliographies and index. | ||
| 650 | 0 |
_aIndians of Mexico _xAntiquities. _943842 |
|
| 650 | 0 |
_aIndians of Central America _xAntiquities. _943843 |
|
| 650 | 0 |
_aExtinct cities _zMexico. _943844 |
|
| 650 | 0 |
_aExtinct cities _zCentral America. _943845 |
|
| 651 | 0 |
_aMexico _xAntiquities. _943846 |
|
| 651 | 0 |
_aCentral America _xAntiquities. _943847 |
|
| 700 | 1 |
_aFlannery, Kent V. _943848 |
|
| 906 |
_a7 _bcbc _corignew _d1 _eocip _f19 _gy-gencatlg |
||
| 942 |
_2lcc _cSPC |
||